000 01418cam a22004094a 4500
001 muse84703
003 MdBmJHUP
005 20210127151605.0
006 m o d
007 cr||||||||nn|n
008 160424t19811970mx o 00 0 spa d
020 _a9786076282953
020 _z6076282959
020 _z9789681200770
035 _a(OCoLC)1055630579
040 _aMdBmJHUP
_cMdBmJHUP
245 1 0 _aDinámica de la población de México
_cCentro de Estudios Ecónomicos y Demográficos.
250 _a2a ed.
264 1 _bEl Colegio de Mexico,
264 3 _bProject MUSE,
300 _a1 online resource (1 online resource 1, 291 pages)
506 0 _aOpen Access
_fUnrestricted online access
_2star
588 _aDescription based on print version record.
651 0 _aMexico.
_2fast
_0(OCoLC)fst01211700
651 0 _aMexico
_xPopulation.
650 0 _aPopulation.
_2fast
_0(OCoLC)fst01071476
650 0 _aHISTORY / Latin America / Mexico.
_2bisacsh
655 0 _aElectronic books.
655 7 _aElectronic books.
_2local
710 2 _aProject Muse.
_edistributor
830 0 _aBook collections on Project MUSE.
856 4 0 _zFull text available:
_uhttps://muse.jhu.edu/book/74368/
999 _c26310
_d26310